00389nam a2200157Ia 4500003000400000008004100004040001600045082001300061100001700074245003500091260003400126300001000160490002400170650001500194650002200209GCL140319s9999 xx 000 0 eng d aGCL / cGCL04a843bB T1 aBOSCO, HENRI10aTANTE MARTINE / cBOSCO, HENRI a[S.N] : bGALLIMARD ، c1972 a314 P aCOLLECTION FOLIOv004aLITERATURE04aFRENCH LITERATURE